Home Print Resources E-Books E-Journals IIMT Lecture Series Library Membership Form Book Recommendation Form Campus Tour Take AdmissionAbout Us Contact Us

LAND SURVEYING-I (HINDI) (Record no. 40551)

000 -LEADER
fixed length control field 00389nam a22001697a 4500
003 - CONTROL NUMBER IDENTIFIER
control field OSt
005 - DATE AND TIME OF LATEST TRANSACTION
control field 20240307120323.0
008 - FIXED-LENGTH DATA ELEMENTS--GENERAL INFORMATION
fixed length control field 170920b xxu||||| |||| 00| 0 eng d
020 ## - INTERNATIONAL STANDARD BOOK NUMBER
International Standard Book Number NA
040 ## - CATALOGING SOURCE
Transcribing agency SEROSOFT
100 ## - MAIN ENTRY--PERSONAL NAME
Personal name GUPTA,D V
245 ## - TITLE STATEMENT
Title LAND SURVEYING-I (HINDI)
250 ## - EDITION STATEMENT
Edition statement 7TH
260 ## - PUBLICATION, DISTRIBUTION, ETC.
Place of publication, distribution, etc. MUZAFFARNAGAR
Name of publisher, distributor, etc. ASIAN PUBLISHER
Date of publication, distribution, etc. 2017-18
300 ## - PHYSICAL DESCRIPTION
Extent 328
942 ## - ADDED ENTRY ELEMENTS (KOHA)
Source of classification or shelving scheme
Koha item type Book Bank
Edition 7TH
Holdings
Withdrawn status Lost status Source of classification or shelving scheme Damaged status Not for loan Home library Current library Date acquired Source of acquisition Coded location qualifier Cost, normal purchase price Inventory number Total Checkouts Full call number Barcode Date last seen Date last checked out Price effective from Koha item type
          IIMT University Central Library Meerut IIMT University Central Library Meerut 09/16/2017 BBD POLYTECHNI 350.00 448 2 631.61 GUP 01-B-123461 01/02/2020 09/16/2019 09/20/2017 Book Bank
          IIMT University Central Library Meerut IIMT University Central Library Meerut 09/16/2017 BBD POLYTECHNI 350.00 448 1 631.61 GUP 01-B-123462 12/21/2017 10/10/2017 09/20/2017 Book Bank
          IIMT University Central Library Meerut IIMT University Central Library Meerut 09/16/2017 BBD POLYTECHNI 350.00 448 2 631.61 GUP 01-B-123463 01/15/2019 10/15/2018 09/20/2017 Book Bank
          IIMT University Central Library Meerut IIMT University Central Library Meerut 09/16/2017 BBD POLYTECHNI 350.00 448 2 631.61 GUP 01-B-123464 02/03/2023 10/14/2022 09/20/2017 Book Bank
          IIMT University Central Library Meerut IIMT University Central Library Meerut 09/16/2017 BBD POLYTECHNI 350.00 448 1 R 01-B-123465 12/23/2017 10/06/2017 09/20/2017 Reference Book
          IIMT University Central Library Meerut IIMT University Central Library Meerut 09/16/2017 BBD POLYTECHNI 350.00 448 2 631.61 GUP 01-B-123466 01/13/2020 08/21/2019 09/20/2017 Book Bank
          IIMT University Central Library Meerut IIMT University Central Library Meerut 09/16/2017 BBD POLYTECHNI 350.00 448 1 631.61 GUP 01-B-123467 12/23/2017 10/05/2017 09/20/2017 Book Bank
          IIMT University Central Library Meerut IIMT University Central Library Meerut 09/16/2017 BBD POLYTECHNI 350.00 448 3 631.61 GUP 01-B-123468 02/16/2026 10/10/2025 09/20/2017 Book Bank
          IIMT University Central Library Meerut IIMT University Central Library Meerut 09/16/2017 BBD POLYTECHNI 350.00 448 3 631.61 GUP 01-B-123469 03/06/2018 02/13/2018 09/20/2017 Book Bank
          IIMT University Central Library Meerut IIMT University Central Library Meerut 09/16/2017 BBD POLYTECHNI 350.00 448 3 631.61 GUP 01-B-123470 04/09/2025 04/05/2025 09/20/2017 Book Bank
IIMT, Central Library. All Rights Reserved IIMT,UNIVERSITY © 2023
Implemented and Customised by I CLOUDE EMS
You Are OPAC Visitor No
free web counter

Powered by Koha